[Event "BOL-ch (Women)"]
[Site "Oruro"]
[Date "2024.04.05"]
[Round "4"]
[White "Moscoso Paz, Esther Angela"]
[Black "Molina, Jessica"]
[Result "1/2-1/2"]
[WhiteElo "1642"]
[BlackElo "1932"]
[PlyCount "65"]
[EventDate "2024.04.03"]
[EventType "tourn"]
[EventRounds "7"]
[EventCountry "BOL"]
[SourceTitle "CB16_2024"]
[SourceDate "2024.04.17"]
[SourceVersion "1"]
[SourceVersionDate "2024.04.17"]
[SourceQuality "1"]

1. e4 c6 2. d4 d5 3. exd5 cxd5 4. c4 Nf6 5. Nc3 e6 6. Nf3 Nc6 7. cxd5 Nxd5 8. Bd3 Be7 9. 0-0 0-0 10. Re1 Bf6 11. Be4 a6 12. a3 g6 13. Bh6 Re8 14. Bxd5 exd5 15. Rxe8+ Qxe8 16. Nxd5 Qd8 17. Nxf6+ Qxf6 18. d5 Ne5 19. Nxe5 Qxe5 20. Qe1 Qxe1+ 21. Rxe1 Bd7 22. Re7 Re8 23. d6 Rxe7 24. dxe7 f6 25. Be3 Kf7 26. Bc5 Ke6 27. Kf1 Kd5 28. Bb4 f5 29. Ke2 b6 30. Ke3 Ke6 31. Kf4 a5 32. Bd2 Kxe7 33. b4 1/2-1/2

[Event "Santa Cruz op 8th"]
[Site "Santa Cruz"]
[Date "2024.01.13"]
[Round "6"]
[White "Campero, Ronald"]
[Black "Moscoso Paz, Esther Angela"]
[Result "1/2-1/2"]
[WhiteElo "2014"]
[BlackElo "1403"]
[PlyCount "63"]
[EventDate "2024.01.11"]
[EventType "swiss"]
[EventRounds "7"]
[EventCountry "BOL"]
[SourceTitle "CB04_2024"]
[SourceDate "2023.10.16"]
[SourceVersion "1"]
[SourceVersionDate "2023.10.16"]
[SourceQuality "1"]

1. e4 c5 2. c3 d5 3. exd5 Qxd5 4. Nf3 g6 5. Na3 a6 6. d4 Bg7 7. Bc4 Qd6 8. dxc5 Qxc5 9. 0-0 Nf6 10. Be3 Qc7 11. Bxf7+ Kxf7 12. Qb3+ e6 13. Ng5+ Kg8 14. Nxe6 Bxe6 15. Qxe6+ Qf7 16. Qc8+ Bf8 17. Rad1 Kg7 18. Rd8 Nc6 19. Qxa8 Nxd8 20. Qxd8 Bxa3 21. Bh6+ Kxh6 22. Qxh8 Bf8 23. h3 Qe7 24. Rd1 g5 25. Kf1 Kg6 26. Rd3 Kf7 27. Rf3 Kg6 28. g3 Qd6 29. Re3 b5 30. a3 Kf7 31. Rf3 Kg6 32. Re3 1/2-1/2

[Event "Pan American-ch School U15 Girls 12th"]
[Site "Callao"]
[Date "2023.10.21"]
[Round "9"]
[White "Moscoso Paz, Esther Angela"]
[Black "Arenas Lavado, Luciana Andrea"]
[Result "0-1"]
[WhiteElo "1518"]
[BlackElo "1568"]
[PlyCount "80"]
[EventDate "2023.10.16"]
[EventType "swiss"]
[EventRounds "9"]
[EventCountry "PER"]
[SourceTitle "Mega2024 Update 01"]
[Source "Chessbase"]
[SourceDate "2023.11.12"]
[SourceVersion "1"]
[SourceVersionDate "2023.11.12"]
[SourceQuality "1"]

1. e4 e6 2. d4 d5 3. Nc3 Bb4 4. e5 c5 5. a3 Bxc3+ 6. bxc3 Ne7 7. h4 Qc7 8. Rh3 Nbc6 9. h5 Bd7 10. h6 g6 11. Be2 Qa5 12. Bd2 Qc7 13. Nf3 cxd4 14. cxd4 0-0 15. c3 f6 16. exf6 Rxf6 17. Bg5 Rf7 18. Rc1 e5 19. Rh1 e4 20. Nh2 Raf8 21. Be3 Nf5 22. Ng4 Nxe3 23. Nxe3 Rxf2 24. Kd2 Qf4 25. Qb3 Bg4 26. Qxd5+ Kh8 27. Rce1 Bxe2 28. Rxe2 Rxe2+ 29. Kxe2 Qf2+ 30. Kd1 Qxe3 31. Qd7 Qd3+ 32. Kc1 Qxc3+ 33. Kb1 Qb3+ 34. Kc1 Qxa3+ 35. Kb1 Qd3+ 36. Kc1 Qxd4 37. Qxb7 Qc3+ 38. Kd1 Rd8+ 39. Ke2 Rd2+ 40. Kf1 Qc1# 0-1

[Event "Pan American-ch School U15 Girls 12th"]
[Site "Callao"]
[Date "2023.10.20"]
[Round "8"]
[White "Moscoso Paz, Esther Angela"]
[Black "Sanchez Cruz, Mireya Jassly"]
[Result "0-1"]
[WhiteElo "1518"]
[BlackElo "1513"]
[PlyCount "80"]
[EventDate "2023.10.16"]
[EventType "swiss"]
[EventRounds "9"]
[EventCountry "PER"]
[SourceTitle "Mega2024 Update 01"]
[Source "Chessbase"]
[SourceDate "2023.11.12"]
[SourceVersion "1"]
[SourceVersionDate "2023.11.12"]
[SourceQuality "1"]

1. e4 e5 2. Nf3 Nc6 3. Bc4 Bc5 4. c3 Nf6 5. d4 exd4 6. cxd4 Bb4+ 7. Nc3 Nxe4 8. 0-0 Bxc3 9. d5 Bf6 10. Re1 Ne7 11. Rxe4 d6 12. Bg5 Bxg5 13. Nxg5 h6 14. Qe2 hxg5 15. Re1 Be6 16. dxe6 f6 17. Re3 c6 18. Rb3 Qc7 19. Rh3 0-0-0 20. Ra3 d5 21. Qe3 Qxh2+ 22. Kf1 dxc4 23. Rxa7 Qe5 24. Ra8+ Kc7 25. Qxe5+ fxe5 26. Rxd8 Rh1+ 27. Ke2 Rxe1+ 28. Kxe1 Kxd8 29. Kd2 Nd5 30. Ke2 Ke7 31. Kf3 Kxe6 32. Ke4 Nb4 33. a3 Nd3 34. f3 Nxb2 35. g4 c3 36. Ke3 Kd5 37. Ke2 Kd4 38. Ke1 Nd3+ 39. Ke2 c2 40. f4 c1Q 0-1

[Event "Pan American-ch School U15 Girls 12th"]
[Site "Callao"]
[Date "2023.10.19"]
[Round "6"]
[White "Moscoso Paz, Esther Angela"]
[Black "Gareca Ordonez, Laura"]
[Result "1-0"]
[WhiteElo "1518"]
[BlackElo "1480"]
[PlyCount "61"]
[EventDate "2023.10.16"]
[EventType "swiss"]
[EventRounds "9"]
[EventCountry "PER"]
[SourceTitle "Mega2024 Update 01"]
[Source "Chessbase"]
[SourceDate "2023.11.12"]
[SourceVersion "1"]
[SourceVersionDate "2023.11.12"]
[SourceQuality "1"]

1. e4 e6 2. d4 d5 3. Nc3 Nf6 4. Bg5 Be7 5. e5 Nfd7 6. h4 h6 7. Bxe7 Qxe7 8. f4 a6 9. Qd2 c5 10. Nf3 Nc6 11. g4 b5 12. Ne2 Bb7 13. 0-0-0 Rc8 14. Kb1 Nb6 15. dxc5 Nc4 16. Qc1 Qxc5 17. Ned4 b4 18. Nb3 Qb6 19. Nfd4 a5 20. Nxc6 Bxc6 21. Nd4 Bb7 22. f5 0-0 23. Qf4 exf5 24. gxf5 Rce8 25. Bxc4 dxc4 26. Rhg1 Kh7 27. Rxg7+ Kxg7 28. f6+ Kh7 29. Nf5 Kg6 30. Qg4+ Kh7 31. Qg7# 1-0

[Event "Pan American-ch School U15 Girls 12th"]
[Site "Callao"]
[Date "2023.10.16"]
[Round "2"]
[White "Moscoso Paz, Esther Angela"]
[Black "Ynga Huaman, Luz Marina"]
[Result "1/2-1/2"]
[WhiteElo "1518"]
[BlackElo "1353"]
[PlyCount "69"]
[EventDate "2023.10.16"]
[EventType "swiss"]
[EventRounds "9"]
[EventCountry "PER"]
[SourceTitle "Mega2024 Update 01"]
[Source "Chessbase"]
[SourceDate "2023.11.12"]
[SourceVersion "1"]
[SourceVersionDate "2023.11.12"]
[SourceQuality "1"]

1. e4 c6 2. d4 d5 3. exd5 cxd5 4. Nf3 Nc6 5. Bb5 Bd7 6. 0-0 e6 7. c4 Nf6 8. Nc3 a6 9. Bxc6 Bxc6 10. c5 Be7 11. b4 0-0 12. a4 h6 13. Rb1 Ne4 14. Nxe4 dxe4 15. Ne5 Bd5 16. Qe2 Bf6 17. Bf4 Bxe5 18. Bxe5 Qd7 19. Ra1 Bc6 20. Qc2 Bd5 21. Rac1 Bc6 22. h3 Bd5 23. Qd1 Bc6 24. Rc3 f6 25. Bd6 Rfe8 26. Ra3 Bd5 27. Rc3 Bc6 28. Rg3 Qf7 29. Ra3 Qd7 30. Rg3 Qf7 31. Qe2 Bd5 32. Ra3 Qd7 33. Rg3 Qf7 34. Ra3 Qd7 35. Rg3 1/2-1/2

[Event "Pan American-ch School U15 Girls 12th"]
[Site "Callao"]
[Date "2023.10.16"]
[Round "1"]
[White "Zhou Liang, Yaxuan Selina"]
[Black "Moscoso Paz, Esther Angela"]
[Result "0-1"]
[WhiteElo "1229"]
[BlackElo "1518"]
[PlyCount "60"]
[EventDate "2023.10.16"]
[EventType "swiss"]
[EventRounds "9"]
[EventCountry "PER"]
[SourceTitle "Mega2024 Update 01"]
[Source "Chessbase"]
[SourceDate "2023.11.12"]
[SourceVersion "1"]
[SourceVersionDate "2023.11.12"]
[SourceQuality "1"]

1. c4 e5 2. Nc3 Nc6 3. e4 Nf6 4. g3 Bc5 5. Bg2 d6 6. h3 Be6 7. d3 h6 8. Nge2 Ne7 9. Be3 c6 10. 0-0 Qd7 11. b3 Bxh3 12. Bxc5 Bxg2 13. Kxg2 dxc5 14. f4 h5 15. fxe5 Ng4 16. Rf3 Nxe5 17. Re3 N7g6 18. d4 cxd4 19. Qxd4 Qxd4 20. Nxd4 0-0-0 21. Nf5 Ng4 22. Re2 Rd3 23. Nd1 h4 24. gxh4 Nxh4+ 25. Nxh4 Rxh4 26. Nf2 Rh2+ 27. Kf1 Rf3 28. Ke1 Nxf2 29. Kd2 Nxe4+ 30. Kd1 Nc3+ 0-1

[Event "La Paz GP op 3rd"]
[Site "La Paz"]
[Date "2023.08.19"]
[Round "6"]
[White "Yepez Montenegro, Gloria Luz"]
[Black "Moscoso Paz, Esther Angela"]
[Result "1/2-1/2"]
[WhiteElo "1632"]
[BlackElo "1428"]
[PlyCount "42"]
[EventDate "2023.08.17"]
[EventType "swiss"]
[EventRounds "7"]
[EventCountry "BOL"]
[SourceTitle "EXT 2024"]
[Source "ChessBase"]
[SourceDate "2023.10.10"]
[SourceVersion "1"]
[SourceVersionDate "2023.10.10"]
[SourceQuality "1"]

1. d4 Nf6 2. Nf3 g6 3. c4 Bg7 4. Nc3 d5 5. cxd5 Nxd5 6. e4 Nxc3 7. bxc3 c5 8. Be3 Nc6 9. Qd2 Qa5 10. Rc1 0-0 11. d5 Rd8 12. Bd3 e6 13. c4 Nb4 14. Bb1 f5 15. 0-0 fxe4 16. Bxe4 Qxa2 17. Bxc5 Qxd2 18. Nxd2 exd5 19. cxd5 Nxd5 20. Nc4 Nf4 21. Rc2 Ne6 1/2-1/2

[Event "Cochabamba op 6th"]
[Site "Cochabamba"]
[Date "2023.03.03"]
[Round "4"]
[White "Moscoso Paz, Esther Angela"]
[Black "Molina, Ruben"]
[Result "0-1"]
[WhiteElo "1403"]
[BlackElo "1817"]
[PlyCount "70"]
[EventDate "2023.03.02"]
[EventType "swiss"]
[EventRounds "7"]
[EventCountry "BOL"]
[SourceTitle "CBM 213 Extra"]
[Source "ChessBase"]
[SourceDate "2023.05.31"]
[SourceVersion "1"]
[SourceVersionDate "2023.05.31"]
[SourceQuality "1"]

1. e4 g6 2. d4 Bg7 3. Nc3 d6 4. f4 Nf6 5. Nf3 0-0 6. Be3 Nbd7 7. Qd2 Ng4 8. Bg1 c6 9. h3 Ngf6 10. 0-0-0 Qa5 11. g4 b5 12. e5 Ne8 13. Kb1 Bb7 14. Be2 b4 15. Ne4 c5 16. Qe3 Bd5 17. b3 cxd4 18. Qxd4 e6 19. Qd3 dxe5 20. fxe5 Nc7 21. Bd4 a6 22. Nf6+ Bxf6 23. exf6 Nb5 24. g5 Rfc8 25. Rh2 Na3+ 26. Ka1 Nxc2+ 27. Kb2 Na3 28. Rc1 Rxc1 29. Kxc1 Rc8+ 30. Kd1 Bxf3 31. Qxf3 Qxg5 32. Bb2 Qg1+ 33. Bf1 Qxh2 34. Qb7 Rd8 35. Bxa3 Nc5+ 0-1

[Event "Santa Cruz op 5th"]
[Site "Santa Cruz"]
[Date "2023.02.19"]
[Round "7"]
[White "Velarde Alarcon, Jhoana"]
[Black "Moscoso Paz, Esther Angela"]
[Result "0-1"]
[WhiteElo "1344"]
[BlackElo "1423"]
[PlyCount "50"]
[EventDate "2023.02.16"]
[EventType "swiss"]
[EventRounds "7"]
[EventCountry "BOL"]
[SourceTitle "CBM 212 Extra"]
[Source "ChessBase"]
[SourceDate "2023.03.31"]
[SourceVersion "1"]
[SourceVersionDate "2023.03.31"]
[SourceQuality "1"]

1. e4 e5 2. Nf3 Nc6 3. Bc4 Nf6 4. c3 Nxe4 5. Qe2 d5 6. Bb5 Bc5 7. 0-0 0-0 8. d3 Nxf2 9. Rxf2 Bxf2+ 10. Kxf2 Bg4 11. Bxc6 bxc6 12. Qxe5 Bxf3 13. gxf3 Re8 14. Qh5 Qe7 15. Bf4 Qe2+ 16. Kg3 Qxb2 17. Nd2 Qxa1 18. Kh3 Qxc3 19. Nf1 Qxd3 20. Ng3 Qg6 21. Qh4 Rab8 22. Bxc7 Qe6+ 23. Kg2 Rb2+ 24. Kg1 Qe3+ 25. Kf1 Qf2# 0-1

[Event "La Paz Casa Argentina op"]
[Site "La Paz"]
[Date "2022.06.18"]
[Round "5"]
[White "Moscoso Paz, Esther Angela"]
[Black "Coro, Soledad"]
[Result "1-0"]
[WhiteElo "1311"]
[BlackElo "1661"]
[PlyCount "61"]
[EventDate "2022.06.16"]
[EventType "swiss"]
[EventRounds "7"]
[EventCountry "BOL"]
[SourceTitle "EXT 2023"]
[Source "ChessBase"]
[SourceDate "2022.10.05"]
[SourceVersion "1"]
[SourceVersionDate "2022.10.05"]
[SourceQuality "1"]

1. e4 e6 2. d3 c6 3. g3 d5 4. Nd2 g6 5. Bg2 Bg7 6. Ngf3 Ne7 7. 0-0 0-0 8. h4 e5 9. Qe2 Bg4 10. Rd1 Nd7 11. Nf1 Qc7 12. Ne3 Be6 13. Ng5 h6 14. Nxe6 fxe6 15. Bh3 Qd6 16. Qg4 Rf6 17. f4 h5 18. Qg5 Kh7 19. f5 exf5 20. exf5 Bh6 21. fxg6+ Rxg6 22. Qxh5 Rxg3+ 23. Kh2 Rg7 24. Nf5 Nxf5 25. Bxf5+ Kg8 26. Qxh6 Nf6 27. Rg1 Rxg1 28. Kxg1 Kf7 29. Qg6+ Ke7 30. Bg5 Qc5+ 31. Kf1 1-0

[Event "Pan American-ch Hybrid U12 Girls 31st"]
[Site "Tornelo INT"]
[Date "2021.09.04"]
[Round "8"]
[White "Azocar Gajardo, Javiera"]
[Black "Moscoso Paz, Esther Angela"]
[Result "1-0"]
[WhiteElo "1004"]
[BlackElo "1185"]
[PlyCount "83"]
[EventDate "2021.09.04"]
[EventType "swiss"]
[EventRounds "9"]
[EventCountry "NET"]
[SourceTitle "EXT 2023"]
[Source "ChessBase"]
[SourceDate "2022.10.05"]
[SourceVersion "1"]
[SourceVersionDate "2022.10.05"]
[SourceQuality "1"]

1. e4 e5 2. Nc3 Nc6 3. Bc4 Nf6 4. d3 Bc5 5. f4 d6 6. f5 Bd7 7. h3 g6 8. Bg5 h6 9. Bxf6 Qxf6 10. Nf3 0-0-0 11. fxg6 Qxg6 12. Qe2 Qg3+ 13. Kd1 f5 14. a3 Ne7 15. Kc1 Bc6 16. Kb1 a6 17. Ka2 d5 18. exd5 Nxd5 19. Qxe5 Nxc3+ 20. Qxc3 Bd6 21. d4 Qxg2 22. d5 Bb5 23. Bxb5 axb5 24. Qd3 Rhf8 25. Rag1 Qf2 26. Nd4 Bh2 27. Rd1 Rxd5 28. Rd2 Qf4 29. Rhxh2 Rfd8 30. c3 c5 31. Qxb5 cxd4 32. Qc4+ Kb8 33. cxd4 Rxd4 34. Rxd4 Rxd4 35. Qg8+ Ka7 36. Rg2 Qe4 37. Qf8 Rd1 38. Qc5+ Ka6 39. Rg6+ Qc6 40. Rxc6+ bxc6 41. Qxc6+ Ka5 42. b4# 1-0

[Event "Pan American-ch Hybrid U12 Girls 31st"]
[Site "Tornelo INT"]
[Date "2021.09.04"]
[Round "6"]
[White "Moscoso Paz, Esther Angela"]
[Black "Duran Cordero, Maria Isabel"]
[Result "0-1"]
[WhiteElo "1185"]
[BlackElo "1005"]
[PlyCount "96"]
[EventDate "2021.09.04"]
[EventType "swiss"]
[EventRounds "9"]
[EventCountry "NET"]
[SourceTitle "EXT 2023"]
[Source "ChessBase"]
[SourceDate "2022.10.05"]
[SourceVersion "1"]
[SourceVersionDate "2022.10.05"]
[SourceQuality "1"]

1. e4 e6 2. d4 d5 3. e5 c5 4. c3 Nc6 5. Nf3 Qb6 6. a3 a5 7. Be2 Nge7 8. dxc5 Qc7 9. Bb5 Bd7 10. 0-0 Nxe5 11. Nxe5 Bxb5 12. Re1 Qxc5 13. b4 axb4 14. axb4 Qc8 15. Ra3 Nc6 16. Qd2 Bd6 17. Nf3 0-0 18. Qg5 Qc7 19. Qg4 Ne5 20. Nxe5 Bxe5 21. g3 Bd7 22. Bg5 Rxa3 23. Nxa3 Qxc3 24. Re3 Qd4 25. Qe2 Bf6 26. Nc2 Qb2 27. Bf4 d4 28. Ra3 g5 29. Bd6 Rc8 30. Qf3 Qc1+ 31. Kg2 Bc6 32. Qxc6 Rxc6 33. Ra8+ Kg7 34. Bf8+ Kg6 35. Na3 Rc8 36. Rxc8 Qxc8 37. Bc5 Qc6+ 38. Kg1 d3 39. Nb1 Qf3 40. Nd2 Qd1+ 41. Nf1 d2 42. Kg2 Qxf1+ 43. Kxf1 d1Q+ 44. Kg2 Bd4 45. Bd6 Qe2 46. Bc5 Qxf2+ 47. Kh3 Qf1+ 48. Kg4 f5# 0-1